| 000 | 00448nam a22001937a 4500 | ||
|---|---|---|---|
| 005 | 20230516125242.0 | ||
| 008 | 230516b |||||||| |||| 00| 0 eng d | ||
| 020 | _a9781488609329 | ||
| 082 |
_a302.35 _bROB-O |
||
| 100 | _aRobbins | ||
| 245 | _aOrganisational Behaviour | ||
| 250 | _a8th ed. | ||
| 260 |
_aAustralia _bPearson _c2017 |
||
| 300 | _a494 | ||
| 500 | _aIncludes Index | ||
| 650 | _aManagement | ||
| 700 | _aRobbins | ||
| 999 |
_c18358 _d18358 |
||